000 00290nam a2200121Ia 4500
008 240731s9999 xx 000 0 und d
022 _a1464-5327
245 0 _aTransport Reviews
260 _bRoutledge
856 _uhttps://www.tandfonline.com/loi/ttrv20
942 _2ddc
942 _cTFEJ
999 _c80197
_d80197
945 _a1
_bMadushi Gamage
_c1
_dMadushi Gamage